[Event "DEM U10/U10w 2003"]
[Site "Willingen GER"]
[Date "2003.06.09"]
[Round "4"]
[White "Spangenberg, Pia"]
[Black "Mirke, Roy"]
[Result "0-1"]
[Termination "normal"]
[Board "32"]
[WhiteElo "1089"]
[BlackElo "855"]
[PlyCount "140"]
[WhiteFideId "4627989"]
[BlackFideId "24647306"]
[EventCountry "GER"]
[EventRounds "11"]
[EventType "swiss"]
[EventDate "2003.06.07"]

1. e4 d5 2. exd5 Qxd5 3. Nc3 Qa5 4. d4 c6 5. Bd2 Qc7 6. Bc4 Bf5 7. Nf3 e6 8.
O-O Nf6 9. Re1 Bd6 10. d5 cxd5 11. Bxd5 Nxd5 12. Nxd5 Qxc2 13. Qxc2 Bxc2 14.
Ba5 b6 15. Bc3 O-O 16. Ne3 Be4 17. Ne5 f6 18. N5c4 Bc5 19. Rad1 Nc6 20. a3 a5
21. f3 Bg6 22. Nd6 Rad8 23. Nb5 Rxd1 24. Rxd1 Bxe3+ 25. Kf1 Rd8 26. Re1 Bd3+
27. Re2 Bxb5 28. Ke1 Bxe2 29. Kxe2 Bd2 30. Bxd2 Rxd2+ 31. Kxd2 Kf7 32. Kc3 Ke7
33. Kc4 Kd6 34. Kb5 Kc7 35. b4 axb4 36. axb4 Nd4+ 37. Kc4 Nc2 38. g3 g5 39. Kc3
Ne1 40. f4 gxf4 41. gxf4 e5 42. fxe5 fxe5 43. b5 Kd6 44. Kc4 h6 45. h3 h5 46.
h4 Nc2 47. Kd3 Na3 48. Ke4 Nxb5 49. Kd3 Kd5 50. Ke3 Nd4 51. Kd3 Nf5 52. Ke2 Ke4
53. Kd2 Kf3 54. Ke1 e4 55. Kf1 Nxh4 56. Ke1 e3 57. Kf1 e2+ 58. Ke1 Ng2+ 59. Kd2
e1=Q+ 60. Kd3 Qe3+ 61. Kc4 b5+ 62. Kxb5 Qc3 63. Kb6 Qc4 64. Kb7 Qc5 65. Ka6 Qb4
66. Ka7 Qb5 67. Ka8 Ne3 68. Ka7 Nc4 69. Ka8 Nd6 70. Ka7 Qb7# 0-1

[Event "DEM U10/U10w 2003"]
[Site "Willingen GER"]
[Date "2003.06.09"]
[Round "4"]
[White "Gheng, Michael Dan"]
[Black "Döll, Laurien"]
[Result "1-0"]
[Termination "normal"]
[Board "40"]
[WhiteElo "1016"]
[BlackElo "1155"]
[PlyCount "91"]
[EventCountry "GER"]
[EventRounds "11"]
[EventType "swiss"]
[EventDate "2003.06.07"]

1. e4 e5 2. Nf3 Nc6 3. Bb5 d6 4. O-O Bd7 5. c3 Nf6 6. Re1 g6 7. d4 exd4 8. cxd4
Bg7 9. Bxc6 Bxc6 10. Bg5 O-O 11. Qd2 Re8 12. Bh6 Bxh6 13. Qxh6 Bxe4 14. Ng5 Bd3
15. Nc3 c6 16. Re3 Rxe3 17. fxe3 Qf8 18. Qxf8+ Kxf8 19. e4 Bb5 20. e5 dxe5 21.
dxe5 Ng4 22. Nxh7+ Kg7 23. Nxb5 cxb5 24. Ng5 Nxe5 25. Kf2 Nd3+ 26. Ke2 Nxb2 27.
Rb1 Nc4 28. Rxb5 Nd6 29. Rd5 Re8+ 30. Kf3 Nc8 31. Rc5 Nd6 32. Rd5 Nc4 33. Rd4
Ne5+ 34. Kf2 f6 35. Ne4 Nd3+ 36. Rxd3 Rxe4 37. Rd7+ Kh6 38. Rxb7 Ra4 39. Rb2 g5
40. g3 Kh5 41. Kg2 Ra3 42. h3 f5 43. Kf2 g4 44. hxg4+ Kxg4 45. Rb4+ Kh3 46.
Rh4# 1-0

[Event "DEM U10/U10w 2003"]
[Site "Willingen GER"]
[Date "2003.06.10"]
[Round "5"]
[White "Mihok, Oliver"]
[Black "Zelbel, Patrick"]
[Result "0-1"]
[Termination "normal"]
[Board "1"]
[WhiteElo "1913"]
[BlackElo "1595"]
[PlyCount "106"]
[WhiteFideId "728012"]
[BlackFideId "24624322"]
[EventCountry "GER"]
[EventRounds "11"]
[EventType "swiss"]
[EventDate "2003.06.07"]

1. e4 e5 2. Nf3 Nc6 3. Bb5 a6 4. Bxc6 dxc6 5. O-O f6 6. d4 exd4 7. Nxd4 c5 8.
Nb3 Qxd1 9. Rxd1 Bg4 10. f3 Be6 11. Nc3 c4 12. Nd4 Bf7 13. Bf4 O-O-O 14. Nf5
Bc5+ 15. Be3 Bxe3+ 16. Nxe3 Ne7 17. a4 b6 18. Kf2 Rhe8 19. Ne2 Rxd1 20. Rxd1
Rd8 21. Rxd8+ Kxd8 22. Nd4 Kd7 23. Ke2 g6 24. Ng4 c5 25. Nxf6+ Kd6 26. Nxh7
cxd4 27. f4 Be8 28. b3 b5 29. axb5 Bxb5 30. Kd2 c3+ 31. Kd1 d3 32. cxd3 Bxd3
33. Ng5 Nc6 34. f5 gxf5 35. exf5 Bxf5 36. Nf3 c2+ 37. Kd2 Kc5 38. Ne1 Nd4 39.
Nxc2 Bxc2 40. h4 Bxb3 41. h5 Bf7 42. g4 a5 43. Kc3 a4 44. h6 Bg6 45. Kb2 Ne6
46. Ka3 Kb5 47. Kb2 Kb4 48. Ka2 a3 49. Ka1 Nd4 50. Ka2 Bf7+ 51. Ka1 Kb3 52. h7
a2 53. h8=Q Nc2# 0-1

[Event "DEM U10/U10w 2003"]
[Site "Willingen GER"]
[Date "2003.06.10"]
[Round "5"]
[White "Gadschisade, Machmud"]
[Black "Weber, Raphael"]
[Result "1/2-1/2"]
[Termination "normal"]
[Board "2"]
[WhiteElo "1428"]
[BlackElo "1250"]
[PlyCount "94"]
[WhiteFideId "4647734"]
[BlackFideId "24644110"]
[EventCountry "GER"]
[EventRounds "11"]
[EventType "swiss"]
[EventDate "2003.06.07"]

1. e4 e5 2. Nf3 Nc6 3. Bc4 Nf6 4. Ng5 Bc5 5. Bxf7+ Ke7 6. Bd5 Rf8 7. O-O Qe8 8.
d3 h6 9. Nf3 d6 10. Qe2 Qg6 11. Bxc6 bxc6 12. c4 Nh5 13. Nh4 Qe8 14. Be3 Bb6
15. Bxb6 cxb6 16. Qe3 Rf4 17. g3 Rf8 18. Kg2 Kd8 19. d4 g5 20. Nf3 exd4 21.
Qxd4 Kc7 22. Nbd2 Qe6 23. Ng1 Qg4 24. f3 Qe6 25. b4 Nf6 26. Rae1 Re8 27. Re2
Bb7 28. Rfe1 Rad8 29. Qc3 h5 30. Kf2 h4 31. Nf1 Kb8 32. e5 dxe5 33. Qxe5+ Qxe5
34. Rxe5 Rf8 35. Rxg5 hxg3+ 36. hxg3 Rd4 37. Kg2 Rxc4 38. a3 Rc3 39. Re3 Rc4
40. g4 c5 41. bxc5 bxc5 42. Rf5 Rxg4+ 43. Kf2 Rg7 44. Rxc5 Rfg8 45. Ne2 Rf8 46.
Ke1 Nd7 47. Rcc3 Nb6 1/2-1/2

[Event "DEM U10/U10w 2003"]
[Site "Willingen GER"]
[Date "2003.06.10"]
[Round "5"]
[White "Wang, Zhangxian"]
[Black "Graf, Felix"]
[Result "0-1"]
[Termination "normal"]
[Board "3"]
[WhiteElo "1400"]
[BlackElo "1805"]
[PlyCount "88"]
[BlackFideId "24608904"]
[EventCountry "GER"]
[EventRounds "11"]
[EventType "swiss"]
[EventDate "2003.06.07"]

1. e4 e6 2. d4 d5 3. e5 c5 4. c3 Nc6 5. Nf3 Qb6 6. a3 Bd7 7. b4 cxd4 8. cxd4
Nge7 9. Bb2 Nf5 10. Be2 Be7 11. Bd3 Ncxd4 12. Nxd4 Nxd4 13. Qg4 Nc6 14. Qxg7
O-O-O 15. O-O Rhg8 16. Qxf7 Rdf8 17. Qh5 Rg5 18. Qxh7 Rgg8 19. Be2 Rh8 20. Qd3
Bh4 21. Qe3 Bxf2+ 22. Qxf2 Rxf2 23. Rxf2 Rxh2 24. Kxh2 Qxf2 25. Nc3 d4 26. Rf1
Qh4+ 27. Kg1 dxc3 28. Rf8+ Kc7 29. Bxc3 Qh6 30. Rf3 Qc1+ 31. Kf2 Ne7 32. Bd4
Nd5 33. g3 Qd2 34. Rd3 Qa2 35. Ke1 Qc2 36. Rd2 Qe4 37. Kf2 Qf5+ 38. Ke1 b6 39.
Bd3 Qg4 40. Bf2 Qg5 41. Kd1 Qxe5 42. Rc2+ Kb7 43. Kd2 Ba4 44. Rc4 Qb2+ 0-1

[Event "DEM U10/U10w 2003"]
[Site "Willingen GER"]
[Date "2003.06.10"]
[Round "5"]
[White "Jussupow, Alexander"]
[Black "Boos, Philipp"]
[Result "1-0"]
[Termination "normal"]
[Board "4"]
[WhiteElo "1605"]
[BlackElo "1414"]
[PlyCount "81"]
[WhiteFideId "24613509"]
[EventCountry "GER"]
[EventRounds "11"]
[EventType "swiss"]
[EventDate "2003.06.07"]

1. d4 Nf6 2. Nf3 e6 3. e3 b6 4. Bd3 Bb7 5. O-O Nc6 6. c3 g6 7. e4 Bg7 8. e5 Nd5
9. Bg5 f6 10. exf6 Bxf6 11. Bxf6 Nxf6 12. Qc2 Ne7 13. Nbd2 Rg8 14. Rae1 Kf8 15.
Ne4 Nf5 16. h3 a5 17. g4 Ng7 18. Nfg5 h6 19. Nxf6 hxg5 20. Nxg8 Kxg8 21. Bxg6
Qf6 22. Be4 d5 23. Bd3 Ne8 24. Re5 Nd6 25. Rfe1 Re8 26. Bh7+ Kh8 27. Qg6 Qxg6
28. Bxg6 Rf8 29. Rxg5 Rf6 30. Bd3 c5 31. Rge5 c4 32. Bc2 Bc8 33. Rh5+ Kg7 34.
Ree5 b5 35. Reg5+ Kf7 36. Rh7+ Kf8 37. Rgh5 Ke8 38. Rh8+ Kd7 39. R5h7+ Kc6 40.
g5 Rg6 41. Bxg6 1-0

[Event "DEM U10/U10w 2003"]
[Site "Willingen GER"]
[Date "2003.06.10"]
[Round "5"]
[White "Eimer, Matthias"]
[Black "Schäfer, Alexander"]
[Result "0-1"]
[Termination "normal"]
[Board "5"]
[WhiteElo "1261"]
[BlackElo "1646"]
[PlyCount "50"]
[BlackFideId "24615196"]
[EventCountry "GER"]
[EventRounds "11"]
[EventType "swiss"]
[EventDate "2003.06.07"]

1. e4 e5 2. Nf3 f5 3. d3 Nc6 4. Nc3 Nf6 5. g3 Bc5 6. Be3 Bxe3 7. fxe3 fxe4 8.
dxe4 O-O 9. Bc4+ Kh8 10. Qe2 a6 11. O-O-O b5 12. Bb3 b4 13. Na4 Nxe4 14. Bd5
Nd6 15. Nxe5 Bb7 16. Bxc6 dxc6 17. Rhf1 Qg5 18. Rxd6 Qxe5 19. Rxf8+ Rxf8 20.
Rd7 c5 21. Qf3 Bxf3 22. b3 Qxe3+ 23. Kb1 Bc6 24. Rd3 Rf1+ 25. Kb2 Qc1# 0-1

[Event "DEM U10/U10w 2003"]
[Site "Willingen GER"]
[Date "2003.06.10"]
[Round "5"]
[White "Endreß, Anna"]
[Black "Grimm, Pascal"]
[Result "1-0"]
[Termination "normal"]
[Board "6"]
[WhiteElo "1573"]
[BlackElo "1246"]
[PlyCount "79"]
[WhiteFideId "24629472"]
[BlackFideId "24620122"]
[EventCountry "GER"]
[EventRounds "11"]
[EventType "swiss"]
[EventDate "2003.06.07"]

1. e4 c5 2. Nf3 Nc6 3. Nc3 g6 4. d4 cxd4 5. Nxd4 Bg7 6. Be3 Nf6 7. f3 a6 8. Qd2
Qc7 9. g4 d6 10. O-O-O h5 11. gxh5 Rxh5 12. Be2 Rh8 13. h4 Bd7 14. f4 O-O-O 15.
Nb3 Ng4 16. Nd5 Nxe3 17. Nxc7 Nxd1 18. Rxd1 Kxc7 19. Kb1 Rxh4 20. Na5 Kc8 21.
Nxc6 Bxc6 22. e5 Rhh8 23. Bg4+ Kb8 24. e6 f5 25. Be2 Bf6 26. Qb4 Kc7 27. a4
Rdf8 28. a5 Be4 29. Qb6+ Kc8 30. Bc4 Rh4 31. Bd5 Bxd5 32. Rxd5 Rxf4 33. Rd3 Rc4
34. Rb3 Rc7 35. Qa7 Kd8 36. Qa8+ Rc8 37. Qxb7 Rc7 38. Qa8+ Rc8 39. Rb8 Kc7 40.
Qb7+ 1-0

[Event "DEM U10/U10w 2003"]
[Site "Willingen GER"]
[Date "2003.06.10"]
[Round "5"]
[White "Giesler, Julius"]
[Black "Schmitt, Philipp"]
[Result "1/2-1/2"]
[Termination "normal"]
[Board "7"]
[WhiteElo "1243"]
[BlackElo "1458"]
[PlyCount "110"]
[BlackFideId "24641766"]
[EventCountry "GER"]
[EventRounds "11"]
[EventType "swiss"]
[EventDate "2003.06.07"]

1. d4 d5 2. c4 e6 3. Nc3 Nf6 4. cxd5 exd5 5. Bg5 Be7 6. e3 h6 7. Bh4 O-O 8. Bd3
b6 9. Qc2 Bb7 10. Nf3 Nbd7 11. O-O c5 12. Rfe1 Rc8 13. Qa4 Bc6 14. Bb5 Qc7 15.
Bxc6 Qxc6 16. Qxc6 Rxc6 17. Ne5 Re6 18. Nxd7 Nxd7 19. Bxe7 Rxe7 20. Nxd5 Re6
21. dxc5 Nxc5 22. Rad1 Kh8 23. Nf4 Rc6 24. Rc1 Rfc8 25. b4 Ne4 26. Rxc6 Rxc6
27. f3 Nf6 28. e4 Rc2 29. Ra1 g5 30. Nd3 Rd2 31. Ne5 Kg7 32. a4 Rd4 33. b5 Nh5
34. a5 Nf4 35. axb6 axb6 36. Ra6 Rd6 37. g3 Ne2+ 38. Kf2 Nc3 39. Nc4 Rg6 40.
Rxb6 Rxb6 41. Nxb6 Nxb5 42. Nc4 Nc7 43. Nd6 Ne6 44. Nf5+ Kg6 45. Ke3 h5 46. h3
Kf6 47. f4 gxf4+ 48. gxf4 Kg6 49. Kf3 Kf6 50. Ng3 Ng7 51. e5+ Ke6 52. Ne4 Nf5
53. Ng5+ Ke7 54. Ke4 Ng3+ 55. Kd5 Nf5 1/2-1/2

[Event "DEM U10/U10w 2003"]
[Site "Willingen GER"]
[Date "2003.06.10"]
[Round "5"]
[White "Billing, Alexander"]
[Black "Mohr, Fides"]
[Result "1-0"]
[Termination "normal"]
[Board "8"]
[WhiteElo "1333"]
[BlackElo "1161"]
[PlyCount "119"]
[WhiteFideId "24624420"]
[EventCountry "GER"]
[EventRounds "11"]
[EventType "swiss"]
[EventDate "2003.06.07"]

1. e4 c5 2. Nf3 e6 3. d4 cxd4 4. Nxd4 Nf6 5. Bd3 a6 6. Be3 Qc7 7. Nd2 Be7 8.
O-O O-O 9. N2f3 d6 10. Re1 Nbd7 11. Qd2 b6 12. Rad1 Bb7 13. Bg5 Rfe8 14. h3
Rac8 15. Qe2 Nc5 16. e5 dxe5 17. Qxe5 Bd6 18. Qe2 Nfd7 19. Nb3 Nxd3 20. Qxd3 f6
21. Qxd6 Qxd6 22. Rxd6 fxg5 23. Rxd7 Bxf3 24. gxf3 Rxc2 25. Rd2 Rc6 26. Rde2
Kf7 27. Kg2 Kf6 28. Kg3 h6 29. Rc1 Rxc1 30. Nxc1 Kf5 31. Nb3 h5 32. Nd4+ Kf6
33. f4 h4+ 34. Kg4 gxf4 35. Kxf4 e5+ 36. Kg4 g5 37. Nf3 e4 38. Nd2 Kg6 39. Rxe4
Rxe4+ 40. Nxe4 b5 41. Nxg5 b4 42. Kxh4 b3 43. a3 a5 44. Ne4 a4 45. Nc5 Kh6 46.
Nxb3 axb3 47. a4 Kg7 48. a5 Kf7 49. a6 Ke7 50. a7 Kd7 51. a8=Q Kc7 52. Qd5 Kb6
53. f4 Kc7 54. Qe6 Kd8 55. f5 Kc7 56. f6 Kb7 57. f7 Ka7 58. Qc6 Kb8 59. f8=R+
Ka7 60. Ra8# 1-0

[Event "DEM U10/U10w 2003"]
[Site "Willingen GER"]
[Date "2003.06.10"]
[Round "5"]
[White "Osmanodja, Bilgin"]
[Black "Dorn, Carina"]
[Result "0-1"]
[Termination "normal"]
[Board "9"]
[WhiteElo "1330"]
[BlackElo "1124"]
[PlyCount "66"]
[BlackFideId "24666335"]
[EventCountry "GER"]
[EventRounds "11"]
[EventType "swiss"]
[EventDate "2003.06.07"]

1. e4 e6 2. d4 d5 3. Nc3 Nf6 4. e5 Nfd7 5. Nf3 c5 6. dxc5 Bxc5 7. Bf4 Nc6 8. a3
O-O 9. Bd3 h6 10. O-O a6 11. Re1 b5 12. Na2 Bb7 13. Nc1 Qb6 14. Qe2 Rac8 15.
Qd2 Rfe8 16. b3 Nd4 17. Be3 Kf8 18. b4 Nxf3+ 19. gxf3 Bd4 20. Bxd4 Qxd4 21. Nb3
Qh4 22. Kh1 f6 23. exf6 Nxf6 24. Nc5 Bc6 25. Nxe6+ Kg8 26. Nc5 d4 27. Bf5 Bxf3+
28. Kg1 Rcd8 29. Rxe8+ Rxe8 30. Qc1 Ng4 31. Ne4 Rxe4 32. Bxg4 Qxg4+ 33. Kf1
Qg2# 0-1

[Event "DEM U10/U10w 2003"]
[Site "Willingen GER"]
[Date "2003.06.10"]
[Round "5"]
[White "Blübaum, Johanna"]
[Black "Lobmeyer, Fabian"]
[Result "1/2-1/2"]
[Termination "normal"]
[Board "10"]
[WhiteElo "1243"]
[BlackElo "1316"]
[PlyCount "97"]
[WhiteFideId "24647373"]
[BlackFideId "24659681"]
[EventCountry "GER"]
[EventRounds "11"]
[EventType "swiss"]
[EventDate "2003.06.07"]

1. d4 Nf6 2. c4 e6 3. Nc3 Bb4 4. Bg5 d5 5. cxd5 exd5 6. e3 Bf5 7. Bd3 Bg6 8.
Nge2 h6 9. Bh4 Nbd7 10. Bxg6 fxg6 11. O-O Nb6 12. Qb3 Be7 13. Bxf6 Bxf6 14. Nf4
c6 15. Nxg6 Rg8 16. e4 Qd7 17. e5 Be7 18. Nxe7 Qxe7 19. e6 O-O-O 20. Rfe1 Rd6
21. Rac1 Rxe6 22. Kf1 Re8 23. Qd1 Rxe1+ 24. Qxe1 Qxe1+ 25. Rxe1 Rxe1+ 26. Kxe1
Nd7 27. Ke2 Nf6 28. Kf3 Kd7 29. Kf4 Ke6 30. h4 b6 31. g4 c5 32. dxc5 bxc5 33.
g5 hxg5+ 34. Kxg5 d4 35. Ne2 d3 36. Nf4+ Kd6 37. Nxd3 c4 38. Ne1 Ne4+ 39. Kg6
Nxf2 40. Kxg7 Ng4 41. h5 Kd5 42. h6 Nxh6 43. Kxh6 a5 44. Kg5 a4 45. Nc2 c3 46.
bxc3 Kc4 47. Kf4 Kxc3 48. Na1 Kb2 49. Ke3 1/2-1/2

[Event "DEM U10/U10w 2003"]
[Site "Willingen GER"]
[Date "2003.06.10"]
[Round "5"]
[White "Braun, Viktoria"]
[Black "Miclea, Andrei"]
[Result "0-1"]
[Termination "normal"]
[Board "11"]
[WhiteElo "1088"]
[BlackElo "1286"]
[PlyCount "108"]
[EventCountry "GER"]
[EventRounds "11"]
[EventType "swiss"]
[EventDate "2003.06.07"]

1. d4 d5 2. Nf3 Nc6 3. e3 Bg4 4. Nbd2 a6 5. Bd3 e6 6. c3 Bd6 7. Qe2 f5 8. Nb3
Nf6 9. c4 Nb4 10. Nbd2 Nxd3+ 11. Qxd3 O-O 12. c5 Be7 13. h3 Bh5 14. Ne5 Nd7 15.
Ndf3 Nxe5 16. Nxe5 Bf6 17. Nf3 b6 18. Qc2 Be8 19. Bd2 Bb5 20. a4 Bd7 21. Bb4
Be7 22. Ne5 Be8 23. a5 bxc5 24. Bxc5 Bxc5 25. Qxc5 Qd6 26. b4 Rd8 27. Rc1 Qxc5
28. dxc5 f4 29. Ke2 Bb5+ 30. Kf3 fxe3+ 31. Kxe3 Rf5 32. f4 Rdf8 33. g3 g5 34.
Ng4 gxf4+ 35. gxf4 Rxf4 36. Nf2 Rxf2 37. Rhg1+ Kh8 38. Rb1 R2f3+ 39. Kd4 Rxh3
40. Rgd1 Rf5 41. Rd2 c6 42. Re1 Rh4+ 43. Kc3 e5 44. Kb3 Bc4+ 45. Kc3 Rh3+ 46.
Kc2 Bb3+ 47. Kb2 d4 48. Re4 Bd5 49. Re1 Rb3+ 50. Kc2 Rxb4 51. Ra1 Rc4+ 52. Kd3
Rxc5 53. Rb2 Bc4+ 54. Ke4 Rf4# 0-1

[Event "DEM U10/U10w 2003"]
[Site "Willingen GER"]
[Date "2003.06.10"]
[Round "5"]
[White "Pantusenko, Valeria"]
[Black "Wilke, Friedrich"]
[Result "0-1"]
[Termination "normal"]
[Board "12"]
[WhiteElo "1170"]
[BlackElo "1340"]
[PlyCount "52"]
[WhiteFideId "4662920"]
[EventCountry "GER"]
[EventRounds "11"]
[EventType "swiss"]
[EventDate "2003.06.07"]

1. e4 g6 2. d4 Bg7 3. c3 c6 4. Nf3 e6 5. Be3 d5 6. e5 Ne7 7. Be2 O-O 8. O-O Nd7
9. Qd2 Nf5 10. Bg5 f6 11. exf6 Nxf6 12. Qf4 a5 13. a4 b6 14. Ne5 Qe8 15. Nd2
Ra7 16. Ndf3 Ne4 17. Ng4 Nxd4 18. Qe3 Nc2 19. Qc1 Nxa1 20. Qxa1 Nxg5 21. Nxg5
e5 22. Qa2 Qe7 23. Nf3 Bxg4 24. c4 Qd7 25. h3 Bh5 26. Rd1 e4 0-1

[Event "DEM U10/U10w 2003"]
[Site "Willingen GER"]
[Date "2003.06.10"]
[Round "5"]
[White "Huhnstock, Rico"]
[Black "Kammrad, Caroline"]
[Result "1-0"]
[Termination "normal"]
[Board "13"]
[WhiteElo "1311"]
[BlackElo "1086"]
[PlyCount "55"]
[WhiteFideId "24642932"]
[EventCountry "GER"]
[EventRounds "11"]
[EventType "swiss"]
[EventDate "2003.06.07"]

1. e4 e5 2. Nf3 Nc6 3. Bc4 Bc5 4. c3 Nf6 5. d4 exd4 6. cxd4 Bb4+ 7. Bd2 Bxd2+
8. Nbxd2 d5 9. exd5 Nxd5 10. O-O O-O 11. Nb3 Re8 12. Re1 Nb6 13. Bb5 Rxe1+ 14.
Qxe1 Bd7 15. Qe4 g6 16. Re1 Qe8 17. Qh4 Qf8 18. Nc5 Nxd4 19. Nxd7 Nxf3+ 20.
gxf3 Nxd7 21. Bxd7 Qd6 22. Ba4 Qa6 23. Bb3 Qd3 24. Qf6 Rf8 25. Re7 Qd6 26.
Bxf7+ Rxf7 27. Qxf7+ Kh8 28. Qxh7# 1-0

[Event "DEM U10/U10w 2003"]
[Site "Willingen GER"]
[Date "2003.06.10"]
[Round "5"]
[White "Lerch, Matthias"]
[Black "Rafayevych, Wilen"]
[Result "0-1"]
[Termination "normal"]
[Board "14"]
[WhiteElo "1150"]
[BlackElo "1301"]
[PlyCount "68"]
[WhiteFideId "24662151"]
[EventCountry "GER"]
[EventRounds "11"]
[EventType "swiss"]
[EventDate "2003.06.07"]

1. e4 d5 2. exd5 Qxd5 3. Nc3 Qa5 4. d4 Nf6 5. Nf3 Bg4 6. Bf4 Nc6 7. Be2 O-O-O
8. Be3 e5 9. Bd2 Bxf3 10. Bxf3 Nxd4 11. Be2 Bb4 12. Qc1 Nxe2 13. Kxe2 Rd7 14.
Rd1 Rhd8 15. a3 Bxc3 16. bxc3 Ne4 17. Rb1 Nxd2 18. Rb4 Qa6+ 19. Ke3 Nc4+ 20.
Rxc4 Rxd1 21. Qxd1 Rxd1 22. Re4 Re1+ 23. Kf3 Rxe4 24. Kxe4 Qe2+ 25. Kf5 f6 26.
Ke6 Qxf2 27. c4 c6 28. Kf7 Qxg2 29. c5 Kd7 30. c4 Qg6+ 31. Kg8 Ke8 32. a4 Qf7+
33. Kh8 Kf8 34. Kxh7 Qh5# 0-1

[Event "DEM U10/U10w 2003"]
[Site "Willingen GER"]
[Date "2003.06.10"]
[Round "5"]
[White "Wittke, René"]
[Black "Rösch, Daniel"]
[Result "1-0"]
[Termination "normal"]
[Board "18"]
[WhiteElo "1438"]
[BlackElo "1093"]
[PlyCount "59"]
[WhiteFideId "24640255"]
[EventCountry "GER"]
[EventRounds "11"]
[EventType "swiss"]
[EventDate "2003.06.07"]

1. e4 e5 2. Nf3 Nc6 3. Bc4 Nf6 4. d3 Bc5 5. Be3 Bb6 6. c3 d6 7. Nbd2 Be6 8. Bb3
Ng4 9. Bxb6 axb6 10. h3 Nf6 11. Rc1 Na5 12. d4 c6 13. Bxe6 fxe6 14. b4 c5 15.
bxa5 Rxa5 16. dxe5 dxe5 17. Nxe5 Rxa2 18. Ndf3 Qxd1+ 19. Rxd1 Nxe4 20. O-O Nxc3
21. Rd3 Ne2+ 22. Kh1 Nf4 23. Rd7 O-O 24. Ng5 Re2 25. Ngf3 h6 26. Rxb7 Nd5 27.
Ng6 Rf6 28. Nfh4 Ne3 29. Rb8+ Kf7 30. Rf8# 1-0

[Event "DEM U10/U10w 2003"]
[Site "Willingen GER"]
[Date "2003.06.10"]
[Round "5"]
[White "Bräuer, Franz"]
[Black "Friedrich, Wiede"]
[Result "0-1"]
[Termination "normal"]
[Board "19"]
[WhiteElo "1085"]
[BlackElo "1431"]
[PlyCount "126"]
[WhiteFideId "24634468"]
[BlackFideId "24629537"]
[EventCountry "GER"]
[EventRounds "11"]
[EventType "swiss"]
[EventDate "2003.06.07"]

1. e4 e5 2. Nf3 Nc6 3. Bb5 Nd4 4. Nxd4 exd4 5. O-O c6 6. Bc4 b5 7. Bb3 Bc5 8.
Qh5 Qe7 9. d3 d6 10. Bg5 Nf6 11. Qf3 O-O 12. Bxf6 Qxf6 13. Qxf6 gxf6 14. c3 Bg4
15. h3 Be2 16. Re1 Bxd3 17. cxd4 Bxd4 18. Nc3 b4 19. Rad1 bxc3 20. Rxd3 Be5 21.
bxc3 Rfe8 22. g3 f5 23. exf5 Kg7 24. f4 Bd4+ 25. Kf1 Rxe1+ 26. Kxe1 Re8+ 27.
Kd2 Bc5 28. g4 Re4 29. Rf3 d5 30. h4 Bd6 31. Bc2 Bxf4+ 32. Kd1 Rc4 33. Ke2 Be5
34. Kd2 Rxg4 35. Rh3 Kh6 36. h5 Kg5 37. f6 h6 38. Rd3 Bxf6 39. Kc1 Be5 40. Kb2
f5 41. Rd2 Rc4 42. Rd3 f4 43. Bb3 Re4 44. Kc1 Re3 45. Kd2 Kxh5 46. Rxe3 fxe3+
47. Kxe3 Bxc3 48. Kf2 Kg5 49. Kg3 h5 50. Bd1 c5 51. a4 a5 52. Bf3 d4 53. Kf2 h4
54. Bh1 Kf4 55. Bf3 Bb4 56. Bd1 c4 57. Kg2 c3 58. Kh3 d3 59. Kxh4 c2 60. Bg4
c1=Q 61. Kh5 Qc6 62. Bd1 Qf6 63. Be2 Qg5# 0-1

[Event "DEM U10/U10w 2003"]
[Site "Willingen GER"]
[Date "2003.06.10"]
[Round "5"]
[White "Wapenhans, Martin"]
[Black "Osmanodja, Filiz"]
[Result "0-1"]
[Termination "normal"]
[Board "20"]
[WhiteElo "1288"]
[BlackElo "1051"]
[PlyCount "74"]
[BlackFideId "24633569"]
[EventCountry "GER"]
[EventRounds "11"]
[EventType "swiss"]
[EventDate "2003.06.07"]

1. e4 c5 2. Nf3 d6 3. Bb5+ Bd7 4. Bxd7+ Nxd7 5. O-O Ngf6 6. Re1 g6 7. c3 Bg7 8.
d4 cxd4 9. cxd4 e5 10. Nc3 exd4 11. e5 dxe5 12. Nxe5 O-O 13. Qxd4 Nxe5 14. Qxe5
Re8 15. Bg5 Rxe5 16. Rxe5 Qd6 17. Rae1 Kf8 18. g3 Rc8 19. Nb5 Qb6 20. a4 a6 21.
Be3 Qd8 22. Bg5 Qd3 23. R5e3 Qd8 24. Nc3 Qb6 25. Nd1 h6 26. Bf4 g5 27. Be5 Ng4
28. Bd4 Bxd4 29. Rf3 Re8 30. Rf1 Bxb2 31. Nxb2 Qxb2 32. h3 Ne5 33. Rf5 Nd3 34.
Rf3 Ne1 35. Rf6 Qxf6 36. Kh1 Qf3+ 37. Kg1 Qg2# 0-1

[Event "DEM U10/U10w 2003"]
[Site "Willingen GER"]
[Date "2003.06.10"]
[Round "5"]
[White "Zivkovic, Djordje"]
[Black "Baisakow, Christine"]
[Result "1-0"]
[Termination "normal"]
[Board "21"]
[WhiteElo "1259"]
[BlackElo "1060"]
[PlyCount "125"]
[BlackFideId "24680052"]
[EventCountry "GER"]
[EventRounds "11"]
[EventType "swiss"]
[EventDate "2003.06.07"]

1. e4 e6 2. Nf3 d5 3. exd5 exd5 4. d4 Nf6 5. Bd3 Nc6 6. Nc3 Bd6 7. O-O O-O 8.
Re1 Bg4 9. h3 Bh5 10. Be2 Re8 11. Be3 Qd7 12. Nd2 Bg6 13. Nb3 Ne4 14. Nxe4 Bxe4
15. Bd3 Bxd3 16. Qxd3 Ne7 17. Bg5 Ng6 18. Qf3 Rxe1+ 19. Rxe1 Re8 20. Rxe8+ Qxe8
21. g3 c6 22. Qe3 Qxe3 23. Bxe3 Kf8 24. Na5 b6 25. Nxc6 Ne7 26. Nxa7 Ke8 27.
Nb5 Kd7 28. Bd2 Nc6 29. a3 Be7 30. Be3 h6 31. Nc3 Kd6 32. Bf4+ Ke6 33. Ne2 Kd7
34. c3 Ke6 35. Nc1 Kf5 36. f3 g5 37. Bc7 Ke6 38. Bxb6 Kd7 39. Nd3 Bd6 40. Kg2
f5 41. b4 Ke6 42. Bc5 Bc7 43. b5 Ne7 44. Bxe7 Kxe7 45. a4 f4 46. g4 Ba5 47. Nc5
Bxc3 48. b6 Bxd4 49. b7 Be5 50. Na6 d4 51. b8=Q Bxb8 52. Nxb8 d3 53. Kf2 d2 54.
Ke2 Kd8 55. Kxd2 Kc8 56. Nc6 Kb7 57. Nd8+ Kc7 58. Nf7 Kb6 59. Nxh6 Ka5 60. Nf7
Kxa4 61. Nxg5 Kb5 62. h4 Kc6 63. h5 1-0

[Event "DEM U10/U10w 2003"]
[Site "Willingen GER"]
[Date "2003.06.10"]
[Round "5"]
[White "Höfer, Michael"]
[Black "Kartsev, Alexandr"]
[Result "1-0"]
[Termination "normal"]
[Board "22"]
[WhiteElo "1003"]
[BlackElo "1258"]
[PlyCount "81"]
[WhiteFideId "24668850"]
[BlackFideId "24647110"]
[EventCountry "GER"]
[EventRounds "11"]
[EventType "swiss"]
[EventDate "2003.06.07"]

1. e4 d5 2. exd5 Nf6 3. Nc3 Nxd5 4. Nxd5 Qxd5 5. d4 Qd8 6. Nf3 Bf5 7. Be3 e6 8.
Bc4 Bd6 9. O-O O-O 10. Bd3 Bg4 11. h3 Bh5 12. Be2 Nc6 13. Qd3 Bxf3 14. Bxf3 e5
15. c3 exd4 16. cxd4 Re8 17. Rfe1 g6 18. Rad1 Rb8 19. a3 Qd7 20. Bg4 f5 21. Bf3
b6 22. Qb5 Ne5 23. Qb3+ Nf7 24. Qc3 Qd8 25. Qc4 Qf6 26. Bc6 Re7 27. Bd2 Rxe1+
28. Rxe1 a5 29. Re8+ Rxe8 30. Bxe8 Qe7 31. Bc6 Kf8 32. Be3 f4 33. Bd2 Nd8 34.
Ba4 Qe4 35. Bb3 Qb1+ 36. Kh2 f3+ 37. g3 Ke7 38. Bg5+ Kd7 39. Ba4+ Kc8 40. Qa6+
Nb7 41. Qa8# 1-0